Statistics for Countries Sandwiched Between Two Others

Click here to take the quiz!

General Stats

  • This quiz has been taken 13,352 times
    (13,343 since last reset)
  • The average score is 13 of 18

Answer Stats

Countries% Correct
China
91%
France
90%
Andorra
89%
Russia
89%
Spain
89%
Nepal
88%
Mongolia
88%
India
87%
Bhutan
84%
Liechtenstein
78%
Switzerland
78%
Austria
77%
South Africa
64%
Eswatini
63%
Mozambique
60%
Moldova
45%
Ukraine
45%
Romania
44%

Score Distribution

Percentile by Number Answered

Percent of People with Each Score

Your Score History

You have not taken this quiz since the last reset